000 00780nas a2200253Ia 4500
001 A03/R027-41046
003 IT-MiCISF
005 20230228152436.0
008 161014c99999999xx |||||||||||| ||und||
040 _aIT-MiCISF
_cIT-MiCISF
041 _aitaliano
100 _aGiacobbe G.
_959440
222 _aIl diritto di famiglia e delle persone
245 0 _aGenitorialità sociali e principio di solidarietà: riflessioni critiche
250 _a"Il diritto di famiglia e delle persone", n. 1, gennaio-marzo
260 _c2005
300 _app. 152-167
362 _a[2005]
500 _agenitorialità, solidarietà, procreazione, aborto, procreazione-artificiale
650 _agenitorialità
_956044
654 _aarticolo
942 _cCR
_2ddc
999 _c226459
_d226459
999 _bSi